Cuando las novedades legislativas agitan los ánimos (Registro nro. 31620)

Detalles MARC
000 -LEADER
fixed length control field 00338 a2200109 4500
001 - CONTROL NUMBER
control field ART_37743
005 - DATE AND TIME OF LATEST TRANSACTION
control field 20260410162005.0
008 - FIXED-LENGTH DATA ELEMENTS--GENERAL INFORMATION
fixed length control field 260409a
100 1# - MAIN ENTRY--PERSONAL NAME
Personal name Kühne, Viviana
245 10 - TITLE STATEMENT
Title Cuando las novedades legislativas agitan los ánimos
773 0# - HOST ITEM ENTRY
Title Temas de derecho civil
Related parts - Año 2, Nº 3 (mar. 2016)
Record control number REV34778

No hay ítems disponibles.